01288 2200229 4500001002100000005001500021035002000036007000300056008004100059020001800100082001100118084001700129100002000146245010200166250001400268260006300282300003400345700001600379520062000395650002701015990001601042INLIS00000000000458220260430023735 a0010-0426000107ta260430 g 0 ind  a9786025068249 a297.07 a297.07 NOO l0 aNoorhaidi Hasan1 aLiteratur Keislaman Generasi Milenial :bTransmisi, Apropriasi, dan Kontestasi /cNoorhaidi Hasan aCetakan 1 aYogyakarta :bPascasarjana UIN Sunan Kalijaga Press,c2018 axvi; 304 hlm :bTeks ;c21 cm0 aSuhadi, dkk aBuku ini mencoba membidik gagasan besar dan tematik terkait literatur keislaman generasi milenial dari data dan dinamika masing-masing daerah yang sangat kaya. Para penulis diminta untuk mengulas aspek literatur pendidikan agama Islam formal di SMA dan perguruan tinggi, produksi wacana, pola diseminasi dan distribusi, apropiasi, dan konsumsi serta narasi alternatif yang muncul untuk mengimbangi wacana Islamis yang cukup dominan. Buku ini diharapkan mampu memberi kontribusi dalam membaca transmisi, apropiasi, dan kontestasi literatur keislaman yang beredar atau dikonsumsi generasi milenial Indonesia. (Editor) 4aPendidikan Agama Islam a00000006410